000 00483nam a2200157Ia 4500
999 _c36037
_d36037
003 OSt
005 20201207121804.0
008 190216s9999||||xx |||||||||||||| ||und||
040 _coclc
082 _a378
_bGOV/D
100 _aGovernment of Kerala
_93290
245 0 _aDepartment Of Collegiate Education Guide Book /
_cGovernment Of Kerala
260 _bKerala Government,
_c1989.
_aTrivandrum:
300 _a547p
942 _cREF
_2ddc
_h378
_iGOV/D
_k378
_mGOV/D